| 000 | 00412nam a2200181Ia 4500 | ||
|---|---|---|---|
| 000 | 00746ngmaa2200277 a 4500 | ||
| 003 | RNL | ||
| 006 | g||||fr|||| a0| fz | ||
| 007 | hj bfb|||baap | ||
| 008 | 090707b ii f a fnsan d | ||
| 040 | _aeng | ||
| 100 | _aRahi, Rajwinder Singh | ||
| 245 | _aGadar Lehar Di Asli Gatha-1 | ||
| 260 | _aPatiala | ||
| 260 | _bSangam Pub. | ||
| 260 | _c2013 | ||
| 942 | _cBK | ||
| 999 |
_c27202 _d27202 |
||